Chemical thermodynamics: principles and apllications. (Record no. 153741)
[ view plain ]
| 000 -LEADER | |
|---|---|
| fixed length control field | 00642nam a2200217Ia 4500 |
| 003 - CONTROL NUMBER IDENTIFIER | |
| control field | OSt |
| 005 - DATE AND TIME OF LATEST TRANSACTION | |
| control field | 20230320152450.0 |
| 008 - FIXED-LENGTH DATA ELEMENTS--GENERAL INFORMATION | |
| fixed length control field | 210423s2006 xx 000 0 und d |
| 020 ## - INTERNATIONAL STANDARD BOOK NUMBER | |
| International Standard Book Number | 8131202828 |
| 040 ## - CATALOGING SOURCE | |
| Transcribing agency | AL |
| 041 ## - LANGUAGE CODE | |
| Language code of text/sound track or separate title | eng |
| 082 ## - DEWEY DECIMAL CLASSIFICATION NUMBER | |
| Classification number | 541.369 |
| Edition number | 23 |
| Item number | OTTJ |
| 100 ## - MAIN ENTRY--PERSONAL NAME | |
| Personal name | OTT (J Bevan);BOERIO-GOATES (Juliana). |
| 9 (RLIN) | 48560 |
| 245 ## - TITLE STATEMENT | |
| Title | Chemical thermodynamics: principles and apllications. |
| 260 ## - PUBLICATION, DISTRIBUTION, ETC. | |
| Place of publication, distribution, etc. | New Delhi |
| Name of publisher, distributor, etc. | Academic Press |
| Date of publication, distribution, etc. | 2006 |
| 300 ## - PHYSICAL DESCRIPTION | |
| Extent | xix,664 |
| Other physical details | PB |
| 365 ## - TRADE PRICE | |
| Price amount | 595 |
| Currency code | INR |
| 650 ## - SUBJECT ADDED ENTRY--TOPICAL TERM | |
| Topical term or geographic name entry element | Physical & Theoretical Chemistry |
| 9 (RLIN) | 48561 |
| 906 ## - LOCAL DATA ELEMENT F, LDF (RLIN) | |
| a | apllications. ; Chemical ; principles ; thermodynamics: |
| 942 ## - ADDED ENTRY ELEMENTS (KOHA) | |
| Source of classification or shelving scheme | Dewey Decimal Classification |
| Koha item type | Book |
| Withdrawn status | Lost status | Damaged status | Not for loan | Collection code | Home library | Current library | Date acquired | Source of acquisition | Cost, normal purchase price | Total Checkouts | Full call number | Barcode | Date last seen | Price effective from | Koha item type |
|---|---|---|---|---|---|---|---|---|---|---|---|---|---|---|---|
| Analytical Chemistry | St Aloysius PG Library | St Aloysius PG Library | 12/24/2008 | Athulya Books | 595.00 | 541.369 OTTJ | PG000208 | 08/24/2022 | 04/26/2021 | Book | |||||
| Analytical Chemistry | St Aloysius PG Library | St Aloysius PG Library | 03/25/2008 | Knowledge World | 595.00 | 541.369 OTTJ | PG000291 | 08/24/2022 | 04/26/2021 | Book |